00715nam a22002297a 450000100040000000500170000400800410002102000180006204000220008005000090010208200080011110000190011924501170013830000240025550500060027952001060028552100210039152100180041270000210043070000170045170000170046849020230428133522.0230428b cb ||||| |||| 00| 0 eng d a9781474950626 aFISKHbengdFISKH aM381 a550 aMartin, Jerome a100 things to know about planet earth /cWritten by Jerome Martin, Darran Stobbart, Alice James and Tom Mumbray  a119 pages :c25 cm. aU aIntroduction to earth sciences is full of colorful illustrations and presented in an engaging format. a990 bLexile IQ aU bRaz-Plus aStobbart, Darran aJames, Alice aMumbray, Tom